Islamic Peoples of the Soviet Union: (with an appendix on the non- Muslim Turkic peoples of the Soviet Union) ; an historical and statistical handbook

Saved in:  
Bibliographic Details
Main Author: Akiner, Shirin 1943- (Author)
Format: Print Book
Language:English
Subito Delivery Service: Order now.
Check availability: HBZ Gateway
WorldCat: WorldCat
Interlibrary Loan:Interlibrary Loan for the Fachinformationsdienste (Specialized Information Services in Germany)
Published: London [u.a.] KPI 1986
In:Year: 1986
Edition:2. ed., rev. ed.
Standardized Subjects / Keyword chains:B Russia / Islam
B Soviet Union / Islam
Further subjects:B Soviet Union Volksgruppe / Ethnische Bevölkerungsgruppe Population Muslime Language Sozialgeographie History Bevölkerungswissenschaft
B Dictionary
B Demography
B Language
B Population
B History
B Social geography
B Ethnic group
B Muslim
B Soviet Union
B Muslims (Soviet Union) Handbooks, manuals, etc

MARC

LEADER 00000cam a2200000 c 4500
001 027041816
003 DE-627
005 20251219212208.0
007 tu
008 900817s1986 xxk||||| 00| ||eng c
010 |a  87147068  
016 7 |a b8336565  |2 UK 
020 |a 071030188X  |9 0-7103-0188-X 
035 |a (DE-627)027041816 
035 |a (DE-576)012321907 
035 |a (DE-599)GBV027041816 
035 |a (OCoLC)243720665 
035 |a (DE-604)8053353250 
035 |a (DE-615)00117465 
040 |a DE-627  |b ger  |c DE-627  |e rakwb 
041 |a eng 
044 |c XA-GB  |c XD-US  |c XE-AU 
050 0 |a DK34.M8 
082 0 |a 947/.00882971  |q LOC  |2 19 
084 |a RA07.01  |2 fivr 
084 |a SG02.03  |2 fivs 
084 |a SG09  |2 fivs 
084 |a 0  |2 ssgn 
084 |a MG 85960  |2 rvk  |0 (DE-625)rvk/122868:12229 
100 1 |0 (DE-588)123121876  |0 (DE-627)607396784  |0 (DE-576)309643767  |4 aut  |a Akiner, Shirin  |d 1943- 
109 |a Akiner, Shirin 1943-  |a Ākīnar, Šīrīn 1943-  |a Akiner, Şirin 1943-  |a Akinair, Šīrīn 1943- 
245 1 0 |a Islamic Peoples of the Soviet Union  |b (with an appendix on the non- Muslim Turkic peoples of the Soviet Union) ; an historical and statistical handbook  |c Shirin Akiner 
250 |a 2. ed., rev. ed. 
264 1 |a London [u.a.]  |b KPI  |c 1986 
300 |a XIII, 462 S  |b Kt., Tab. 
336 |a Text  |b txt  |2 rdacontent 
337 |a ohne Hilfsmittel zu benutzen  |b n  |2 rdamedia 
338 |a Band  |b nc  |2 rdacarrier 
583 1 |a Archivierung prüfen  |c 20240324  |f DE-4165  |z 1  |2 pdager 
601 |a Statistik 
650 0 |a Muslims  |z Soviet Union  |x Handbooks, manuals, etc 
650 0 7 |0 (DE-588)4153095-0  |0 (DE-627)104115971  |0 (DE-576)209800658  |a Ethnische Gruppe  |2 gnd 
650 0 7 |0 (DE-588)4006298-3  |0 (DE-627)104509708  |0 (DE-576)208865020  |a Bevölkerungsstatistik  |2 gnd 
650 0 7 |0 (DE-588)4040921-1  |0 (DE-627)106221205  |0 (DE-576)209042680  |a Muslim  |2 gnd 
650 0 7 |0 (DE-588)4056449-6  |0 (DE-627)106154745  |0 (DE-576)209117702  |a Sprache  |2 gnd 
650 0 7 |0 (DE-588)4055768-6  |0 (DE-627)106156861  |0 (DE-576)209115335  |a Sozialgeografie  |2 gnd 
650 0 7 |0 (DE-588)4020517-4  |0 (DE-627)106317768  |0 (DE-576)208933697  |a Geschichte  |2 gnd 
650 0 7 |0 (DE-588)4011412-0  |0 (DE-627)106352881  |0 (DE-576)208893407  |a Demographie  |2 gnd 
650 4 |a Sowjetunion  |x Ethnische Bevölkerungsgruppe/Volksgruppe  |x Bevölkerungsstatistik  |x Muslime  |x Sprache  |x Sozialgeographie  |x Geschichte  |x Bevölkerungswissenschaft 
651 7 |0 (DE-588)4077548-3  |0 (DE-627)104152052  |0 (DE-576)20920558X  |a Sowjetunion  |2 gnd 
655 7 |a Wörterbuch  |0 (DE-588)4066724-8  |0 (DE-627)104682620  |0 (DE-576)209166061  |2 gnd-content 
689 0 0 |d g  |0 (DE-588)4076899-5  |0 (DE-627)104251980  |0 (DE-576)209203366  |2 gnd  |a Russland 
689 0 1 |d s  |0 (DE-588)4027743-4  |0 (DE-627)106283499  |0 (DE-576)20897220X  |2 gnd  |a Islam 
689 0 |5 (DE-627) 
689 1 0 |d g  |0 (DE-588)4077548-3  |0 (DE-627)104152052  |0 (DE-576)20920558X  |2 gnd  |a Sowjetunion 
689 1 1 |d s  |0 (DE-588)4027743-4  |0 (DE-627)106283499  |0 (DE-576)20897220X  |2 gnd  |a Islam 
689 1 |5 (DE-627) 
935 |a mteo 
935 |i Blocktest 
936 r v |a MG 85960  |b Allgemeines  |k Politologie  |k Politische Systeme einzelner Länder  |k Europa, Nordamerika  |k Osteuropa (ehem. Ostblock)  |k Russland, GUS (ehem. Sowjetunion)  |k Föderalismus  |k Allgemeines  |0 (DE-627)1271552442  |0 (DE-625)rvk/122868:12229  |0 (DE-576)201552442 
936 f i |0 (DE-627)1756131864  |a RA07.01  |b Sowjetunion  |k Europa  |k Osteuropa  |k Sowjetunion  |2 fivr 
936 f i |0 (DE-627)1756135940  |a SG02.03  |b Nationalitäten/Minoritäten  |k Gesellschaft  |k Gesellschaftsentwicklung/Gesellschaftsstruktur  |k Nationalitäten/Minoritäten  |2 fivs 
936 f i |0 (DE-627)1756136092  |a SG09  |b Religion/Religionsgemeinschaften  |k Gesellschaft  |k Religion/Religionsgemeinschaften  |2 fivs 
938 1 0 |0 (DE-627)175615998X  |0 (DE-615)6602411  |a Sowjetunion  |2 fivt 
938 1 0 |0 (DE-627)1756153310  |0 (DE-615)6607555  |a Ethnische Bevölkerungsgruppe/Volksgruppe  |2 fivt 
938 1 0 |0 (DE-627)175620764X  |0 (DE-615)6608920  |a Bevölkerungsstatistik  |2 fivt 
938 1 0 |0 (DE-627)1756152586  |0 (DE-615)6608431  |a Muslime  |2 fivt 
938 1 0 |0 (DE-627)1756221391  |0 (DE-615)6600671  |a Sprache  |2 fivt 
938 1 0 |0 (DE-627)1756201188  |0 (DE-615)6610509  |a Sozialgeographie  |2 fivt 
938 1 0 |0 (DE-627)1756176590  |0 (DE-615)6603664  |a Geschichte  |2 fivt 
938 1 0 |0 (DE-627)1756219702  |0 (DE-615)6602168  |a Bevölkerungswissenschaft  |2 fivt 
951 |a BO 
ELC |b 1 
ITA |a 1 
LOK |0 000 xxxxxcx a22 zn 4500 
LOK |0 001 324766422X 
LOK |0 003 DE-627 
LOK |0 004 027041816 
LOK |0 005 20140311114010 
LOK |0 008 110531||||||||||||||||ger||||||| 
LOK |0 040   |a DE-21-53  |c DE-627  |d DE-21-53 
LOK |0 541   |e 23179 
LOK |0 852   |p 600520061906 
LOK |0 852   |a DE-21-53 
LOK |0 852 1  |c G 01 Aki I 1  |m p  |9 00 
LOK |0 935   |a i053  |a k053 
LOK |0 938   |k p 
LOK |0 939   |a 31-05-11  |b l01 
LOK |0 000 xxxxxcx a22 zn 4500 
LOK |0 001 3247664246 
LOK |0 003 DE-627 
LOK |0 004 027041816 
LOK |0 005 20190903114048 
LOK |0 008 120411||||||||||||||||ger||||||| 
LOK |0 040   |a DE-21-42  |c DE-627  |d DE-21-42 
LOK |0 541   |e 88 K 54 
LOK |0 852   |p 606280398906 
LOK |0 852   |a DE-21-42 
LOK |0 852 1  |c Ur 60  |m p  |9 00 
LOK |0 935   |a i042  |a k042  |a orie 
LOK |0 938   |k p 
LOK |0 939   |a 11-04-12  |b l01 
LOK |0 000 xxxxxcx a22 zn 4500 
LOK |0 001 4426297664 
LOK |0 003 DE-627 
LOK |0 004 027041816 
LOK |0 005 20231218172644 
LOK |0 008 231205||||||||||||||||ger||||||| 
LOK |0 040   |a DE-Tue135  |c DE-627  |d DE-Tue135 
LOK |0 092   |o n 
LOK |0 852   |a DE-Tue135 
LOK |0 852 1  |9 00 
LOK |0 935   |a fivi 
LOK |0 939   |a 05-12-23  |b l01 
ORI |a SA-MARC-ixtheoa001.raw 
REF |a Sprachgeschichte 
REL |a 1 
STA 0 0 |a Demography,Ethnic group,History,History,History in art,Islam,Islam,Language,Language,Muslim,Muslim,Mohammedan,Moslem,Population,Russia,Russia,Russia,Northwestern Russia,Social geography,Soviet Union 
STB 0 0 |a Démographie,Groupe ethnique,Géographie sociale,Histoire,Histoire,Histoire,Islam,Islam,Langage,Langage,Langue,Langue,Langue (motif),Langue,Musulman,Musulman,Russie,Statistiques démographiques,Statistique démographique 
STC 0 0 |a Demografía,Estadística demográfica,Geografía social,Grupo étnico,Historia,Historia,Historia,Islam,Islam,Lengua,Lengua,Idioma,Idioma,Lenguaje,Idioma (Motivo),Idioma,Musulmán,Musulmán,Rusia 
STD 0 0 |a Demografia,Geografia sociale,Gruppo etnico,Islam,Islam,Lingua <motivo>,Lingua,Linguaggio,Linguaggio,Linguaggio (motivo),Linguaggio,Musulmano,Musulmano,Russia,Statistica demografica,Storia,Storia 
STE 0 0 |a 人口学,伊斯兰教,伊斯兰教,回教,回教,历史,史,族群,种族集团,穆斯林,穆斯林,语言 
STF 0 0 |a 人口學,伊斯蘭教,伊斯蘭教,回教,回教,族群,種族集團,歷史,史,社会地理学,穆斯林,穆斯林,語言 
STG 0 0 |a Demografia,Estatística demográfica,Geografia social,Grupo étnico,História,História,Islã,Islã,Língua,Língua,Idioma,Idioma,Idioma (Motivo),Idioma,Muçulmano,Muçulmano,Rússia 
STH 0 0 |a Демография,Ислам (мотив),Ислам,История (мотив),История,Мусульманин (мотив),Мусульманин,Россия (мотив),Социальная география,Статистика населения,Этническая группа,Язык (речь, мотив),Язык (речь) 
STI 0 0 |a Γλώσσα (μοτίβο),Γλώσσα,Δημογραφία,Εθνοτική ομάδα,Ισλάμ (μοτίβο),Ισλάμ,Ιστορία (μοτίβο),Ιστορία,Κοινωνική γεωγραφία,Μουσουλμάνος (μοτίβο),Μουσουλμάνος,Ρωσία (μοτίβο),Στατιστική του πληθυσμού,Πληθυσμιακή στατιστική 
SUB |a REL 
SYE 0 0 |a Ethnie,Volksgruppe,Ethnos , Bevölkerung,Demometrie , Muslimin,Muslime,Mohammedaner,Mohammedanerin,Moslem,Muselman,Muselmann,Moslemische Frau,Muslimische Frau,Muslima,Moslemin,Mosliminnen,Moslem,Mohammedaner,Muselman,Muselmann,Muslime , Sprachen , Sozialgeographie , History,Geschichtliche Epoche,Historical development,Historische Entwicklung,Landesgeschichte,Regionalgeschichte,Ortsgeschichte,Zeitgeschichte , Bevölkerungskunde,Bevölkerungswissenschaft,Bevölkerungsforschung,Demografie , USSR,Soviet Union,SSSR,UdSSR,Union der Sozialistischen Sowjetrepubliken , UdSSR,Asiatische Sowjetunion,UdSSR,SSSR,Republik-Republik Kesatuan Soviet Sosialis,Sojuz Sovetskich Socialističeskich Respublik,Union der Sozialistischen Sowjet-Republiken,Union der SSR,Union of Soviet Socialist Republics,USSR,Union des Républiques Socialistes Soviétiques,URSS,Russland,Russia,Padomju Sociālistiko Republiku Savienība,PSRS,SSṘM,ZSSR,TSRS,Savez Sovjetskih Socijalističkih Republika,Soviet Union,SSHM,Sojuz Radjans'kich Sozialističnich Respublik,SRSR,Şyra Sosjalist Cumhyrijjẹtlẹri Ittifakĭ,Šura Socialist Gümhurietleri Ittipaky,Šura Sosyalist Ǧümhuriyetleri Ittifaqï,SSCB 
SYF 0 0 |a USSR,Soviet Union,SSSR,UdSSR,Union der Sozialistischen Sowjetrepubliken , UdSSR,Asiatische Sowjetunion,UdSSR,SSSR,Republik-Republik Kesatuan Soviet Sosialis,Sojuz Sovetskich Socialističeskich Respublik,Union der Sozialistischen Sowjet-Republiken,Union der SSR,Union of Soviet Socialist Republics,USSR,Union des Républiques Socialistes Soviétiques,URSS,Russland,Russia,Padomju Sociālistiko Republiku Savienība,PSRS,SSṘM,ZSSR,TSRS,Savez Sovjetskih Socijalističkih Republika,Soviet Union,SSHM,Sojuz Radjans'kich Sozialističnich Respublik,SRSR,Şyra Sosjalist Cumhyrijjẹtlẹri Ittifakĭ,Šura Socialist Gümhurietleri Ittipaky,Šura Sosyalist Ǧümhuriyetleri Ittifaqï,SSCB 
SYG 0 0 |a Russia,Rußland,Russische Föderation,Russische SFSR,Russisches Reich , Europäisches Russland,Evropejskaja častʹ Rossii,Rußland,Krievija,Federazione Russa,RF,Großrussland,Großrußland,Russia,Rossijskaja Imperija,Russie,Empire de Russie,Russian Federation,Federacja Rosyjska,Rosja,Rossija,Rossijskaja Federacija,Russische Föderation,RF,Russia,Russland,Russisches Reich , Islam , USSR,Soviet Union,SSSR,UdSSR,Union der Sozialistischen Sowjetrepubliken , UdSSR,Asiatische Sowjetunion,UdSSR,SSSR,Republik-Republik Kesatuan Soviet Sosialis,Sojuz Sovetskich Socialističeskich Respublik,Union der Sozialistischen Sowjet-Republiken,Union der SSR,Union of Soviet Socialist Republics,USSR,Union des Républiques Socialistes Soviétiques,URSS,Russland,Russia,Padomju Sociālistiko Republiku Savienība,PSRS,SSṘM,ZSSR,TSRS,Savez Sovjetskih Socijalističkih Republika,Soviet Union,SSHM,Sojuz Radjans'kich Sozialističnich Respublik,SRSR,Şyra Sosjalist Cumhyrijjẹtlẹri Ittifakĭ,Šura Socialist Gümhurietleri Ittipaky,Šura Sosyalist Ǧümhuriyetleri Ittifaqï,SSCB , Islam 
TIM |a 000000000000_100019171231  |b  - 1917